00474nam a2200169Ia 450000500170000000800410001702000180005804100120007608200150008810000170010324500600012025000120018026000420019230000210023465000280025565000210028320260429112052.0260429s9999||||xx |||||||||||||| ||und|| a9781835352571 aEnglish a155.4bDAW aDawson, Peg  0aPsychology of child growth and education / cPeg Dawson a1st ed. aLondon : bETP ED- Tech Press,c2025. axiii, 275 p.; hb a Educational psychology aChild psychology